Room for growth (Record no. 96737)

MARC details
000 -LEADER
fixed length control field 00826cam a2200265 4500
008 - FIXED-LENGTH DATA ELEMENTS--GENERAL INFORMATION
fixed length control field 090401t1997 xxu||||| |||| 00| 0 eng d
020 ## - INTERNATIONAL STANDARD BOOK NUMBER
International Standard Book Number 0854068562
035 ## - SYSTEM CONTROL NUMBER
System control number (Sirsi) u81686
041 0# - LANGUAGE CODE
Language code of text/sound track or separate title eng
050 04 - LIBRARY OF CONGRESS CALL NUMBER
Classification number 333.336 $2 18
110 2# - MAIN ENTRY--CORPORATE NAME
Corporate name or jurisdiction name as entry element Royal Institution of Chartered Surveyors
9 (RLIN) 4900
245 00 - TITLE STATEMENT
Title Room for growth
Remainder of title a study of the strategic and operational property requirements of the manufacturing sector
260 ## - PUBLICATION, DISTRIBUTION, ETC.
Place of publication, distribution, etc. London
Name of publisher, distributor, etc. RICS
Date of publication, distribution, etc. 1997
300 ## - PHYSICAL DESCRIPTION
Extent 25, 12, 7p.
Dimensions 30cm.
350 ## - PRICE (NR) (BK AM CF MU VM SE) [OBSOLETE]
Price 15.95
490 #0 - SERIES STATEMENT
Series statement RICS Research
520 ## - SUMMARY, ETC.
Summary, etc. Summary of main report (M89188).
651 #4 - SUBJECT ADDED ENTRY--GEOGRAPHIC NAME
Geographic name United Kingdom
Chronological subdivision
690 ## - LOCAL SUBJECT ADDED ENTRY--TOPICAL TERM (OCLC, RLIN)
Topical term or geographic name as entry element PROPERTY-INDUSTRIAL PROPERTY
710 2# - ADDED ENTRY--CORPORATE NAME
Corporate name or jurisdiction name as entry element Grimley
9 (RLIN) 2421
710 2# - ADDED ENTRY--CORPORATE NAME
Corporate name or jurisdiction name as entry element Confederation of British Industry
9 (RLIN) 414
710 2# - ADDED ENTRY--CORPORATE NAME
Corporate name or jurisdiction name as entry element University of Reading
9 (RLIN) 3273
942 ## - ADDED ENTRY ELEMENTS (KOHA)
Suppress in OPAC 0
948 ## - LOCAL PROCESSING INFORMATION (OCLC); SERIES PART DESIGNATOR (RLIN)
c (OCLC) 27/10/1997
Holdings
Withdrawn status Lost status Source of classification or shelving scheme Damaged status Not for loan Home library Current library Shelving location Date acquired Cost, normal purchase price Total Checkouts Full call number Barcode Date last seen Copy number Cost, replacement price Price effective from Koha item type Date last checked out
    Dewey Decimal Classification     London London RICS Boxes 14/09/1999 15.95   RICS 1997/99 30054804 06/08/2019 1 15.95 06/08/2019 Archive  
    Dewey Decimal Classification     London London RICS Boxes 14/09/1999 15.95   RICS 1997/99 30054805 06/08/2019 2 15.95 06/08/2019 Reference material  
    Dewey Decimal Classification     London London RICS Boxes 14/09/1999 15.95 1 RICS 1997/99 30054806 06/08/2019 3 15.95 06/08/2019 Book 26/09/2002